000 00377nam a22001577a 4500
003 MPLRDC
005 20220104123946.0
008 210129b ||||| |||| 00| 0 eng d
082 _a521.7 PJX
100 _a彭驾辛编著
245 _a课程的设计与评鉴
_c
260 _a
_b台湾书店
_c1970
300 _b
650 _a学程; 课程
942 _cBK
_o521.7 PJX
999 _c15538
_d15528